000 00285nam a22001337a 4500
008 170530b xxu||||| |||| 00| 0 eng d
020 _a9780195056211
041 _aeng
080 _a94(100) BAL
100 _a17
101 _aSHH
245 _aATHENAZE
_cBALME, M
942 _2udc
_cBK
999 _c15094
_d15094